The 21st century world atlas (Record no. 4820)

000 -LEADER
fixed length control field 00284 a2200109 4500
020 ## - INTERNATIONAL STANDARD BOOK NUMBER
International Standard Book Number 1888777923
040 ## - CATALOGING SOURCE
Original cataloging agency DLC
245 04 - TITLE STATEMENT
Title The 21st century world atlas
260 ## - PUBLICATION, DISTRIBUTION, ETC.
Place of publication, distribution, etc. New York :
Name of publisher, distributor, etc. Trident press international,
Date of publication, distribution, etc. [1999]
300 ## - PHYSICAL DESCRIPTION
Extent 751 s.
-- (751 s.) :
Other physical details kartor
942 ## - ADDED ENTRY ELEMENTS (KOHA)
Koha item type Book
Call number prefix 912 TRI
Source of classification or shelving scheme
Holdings
Withdrawn status Lost status Damaged status Not for loan Collection code Permanent Location Current Location Shelving location Date acquired Source of acquisition Cost, normal purchase price Full call number Barcode Date last seen Price effective from Koha item type
          Central Library (CL) Central Library (CL) General Stacks 03/14/2002 Book Field 5843.00 912 TRI SEECS001941 11/14/2012 01/05/2017 Reference
© 2023 Central Library, National University of Sciences and Technology. All Rights Reserved.